000 00263nam a2200121Ia 4500
008 190216s9999||||xx |||||||||||||| ||und||
100 _aPotti L R
245 0 _aOperations Research
260 _bYamuna Pub Tvm
300 _a224
650 _aCommerce
942 _cBK
999 _c6879
_d6879